[Event "GER Seniors Derby 16th"]
[Site "Wesel Undeloh"]
[Date "2017.03.19"]
[Round "7"]
[White "Malchow, Uwe"]
[Black "Bernstein, Reiner"]
[Result "1-0"]
[WhiteElo "1753"]
[BlackElo "1660"]
[PlyCount "45"]
[EventDate "2017.03.16"]
[EventType "swiss"]
[EventRounds "7"]
[EventCountry "GER"]
[SourceTitle "EXT 2019"]
[Source "ChessBase"]
[SourceDate "2018.10.10"]
[SourceVersion "1"]
[SourceVersionDate "2018.10.10"]
[SourceQuality "1"]

1. e4 e5 2. Nf3 Nc6 3. Bb5 a6 4. Ba4 b5 5. Bb3 Bc5 6. c3 Nf6 7. 0-0 Nxe4 8. d4 exd4 9. cxd4 Bb6 10. Bd5 f5 11. Re1 Ba5 12. Re2 Ne7 13. Bxa8 d5 14. Qc2 Bd7 15. Bb7 Qb8 16. Bxa6 Qb6 17. Ne5 Qxa6 18. Nxd7 Kxd7 19. Bf4 Nc6 20. Be3 f4 21. Qb3 Ke6 22. Bxf4 Nxd4 23. Rxe4+ 1-0

[Event "Bad Woerishofen op 30th"]
[Site "Bad Woerishofen"]
[Date "2014.03.23"]
[Round "6"]
[White "Spanton, Timothy"]
[Black "Malchow, Uwe"]
[Result "1-0"]
[WhiteElo "1949"]
[BlackElo "1789"]
[PlyCount "71"]
[EventDate "2014.03.21"]
[EventType "swiss"]
[EventRounds "9"]
[EventCountry "GER"]
[SourceTitle "EXT 2019"]
[Source "ChessBase"]
[SourceDate "2018.10.10"]
[SourceVersion "1"]
[SourceVersionDate "2018.10.10"]
[SourceQuality "1"]

1. c4 c5 2. g3 g6 3. Bg2 Bg7 4. Nc3 Nc6 5. e3 d6 6. Nge2 Bd7 7. d4 cxd4 8. exd4 Qc8 9. 0-0 Nf6 10. b3 0-0 11. Bb2 Bg4 12. Qd2 Re8 13. d5 Ne5 14. f4 Qc5+ 15. Kh1 Bxe2 16. Nxe2 Ned7 17. Bd4 Qc7 18. Rac1 Nc5 19. Qb2 Nd3 20. Qc3 Nxc1 21. Rxc1 Nh5 22. b4 Bxd4 23. Nxd4 Rad8 24. Bh3 Nf6 25. g4 h5 26. g5 Ng4 27. Bxg4 hxg4 28. f5 e5 29. fxe6 fxe6 30. Nxe6 Rxe6 31. dxe6 Rf8 32. Qd3 Kh7 33. Rd1 Rf2 34. Qxd6 Qxc4 35. Qe7+ Kg8 36. Rd8+ 1-0